000 00406pab a2200157 454500
008 180718b2003 xxu||||| |||| 00| 0 eng d
100 _aRao, B.S.R.
245 _aIndian financial system: emerging challenges
260 _c2003
300 _ap.189-205.
362 _aJul
650 _aFinancial markets - India
650 _aFinancial markets
773 _aIndian Journal of Economics
909 _a58973
999 _c58973
_d58973